Mega Quiz geograficzny (Państwa Ameryki Południowej) - Statystyki

Ogólne statystyki
  • Ten quiz został rozwiązany 26 razy
  • Średni wynik to 11 z 12
Statystyki odpowiedzi
Ameryka
Południowa
Państwo % Poprawnych
3 Brazylia
96%
4 Chile
96%
1 Argentyna
92%
2 Boliwia
92%
7 Kolumbia
92%
11 Urugwaj
92%
12 Wenezuela
92%
6 Gujana
88%
9 Peru
88%
5 Ekwador
79%
8 Paragwaj
79%
10 Surinam
75%
Nie znaleziono quizów pasujących do podanych kryteriów
Rozkład punktacji
Procent ludzi z każdym wynikiem
Percentyl według liczby udzielonych odpowiedzi
Twoja historia wyników
Nie rozwiązałeś tego quizu